| 000 | 00348nam a22001457a 4500 | ||
|---|---|---|---|
| 008 | 221012b |||||||| |||| 00| 0 eng d | ||
| 010 | _aJK 82 Ben | ||
| 020 | _a236-65-891 | ||
| 050 |
_aJK 82 Ben _b123645 |
||
| 245 |
_ajack and oliver _cby jack hatyoka |
||
| 250 | _a3rd ed. | ||
| 260 |
_alusaka _bmwila _c2022 |
||
| 300 |
_a361p. _b30cm _ecd |
||
| 942 | _2lcc | ||
| 999 |
_c2 _d2 |
||